[Event "Moscow-ch op Superfinal"]
[Site "Ershovo"]
[Date "2024.02.29"]
[Round "9"]
[White "Grigoryan, Aram"]
[Black "Bruyatskaya, Marina"]
[Result "1/2-1/2"]
[WhiteElo "2095"]
[BlackElo "1991"]
[PlyCount "107"]
[EventDate "2024.02.23"]
[EventType "swiss"]
[EventRounds "10"]
[EventCountry "RUS"]
[SourceTitle "CB10_2024"]
[SourceDate "2024.03.06"]
[SourceVersion "1"]
[SourceVersionDate "2024.03.06"]
[SourceQuality "1"]

1. Nf3 d5 2. c4 e6 3. g3 Nf6 4. Bg2 Be7 5. 0-0 0-0 6. b3 d4 7. e3 c5 8. exd4 cxd4 9. d3 Nc6 10. Bg5 Nd7 11. Bxe7 Qxe7 12. Re1 Qd6 13. Nbd2 Nc5 14. a3 a5 15. Qe2 f6 16. Ne4 Nxe4 17. Qxe4 Bd7 18. Nd2 Rae8 19. f4 b6 20. Nf3 Kh8 21. Ra2 Rd8 22. h4 Bc8 23. Qe2 Rde8 24. h5 e5 25. Nh4 f5 26. Bxc6 Qxc6 27. fxe5 f4 28. Qh2 Qh6 29. Rf2 fxg3 30. Rxf8+ Rxf8 31. Qxg3 Be6 32. Rf1 Rxf1+ 33. Kxf1 Qxh5 34. Nf3 Bf5 35. Kf2 Qh6 36. Ng5 Qg6 37. Qf4 h6 38. Nf3 Bxd3 39. Qxd4 Be4 40. Nd2 Qg2+ 41. Ke3 Bg6 42. Nf3 Bh5 43. Qd8+ Kh7 44. Qd3+ Bg6 45. Qd5 Qb2 46. Nd2 Qc3+ 47. Kf2 Bd3 48. Nf3 Qxb3 49. e6 Qc2+ 50. Kg3 Bxc4 51. Qh5 Bxe6 52. Ng5+ Kh8 53. Qe8+ Bg8 54. Nf7+ 1/2-1/2

[Event "EU-ch Online U2300 Final"]
[Site "Chess.com INT"]
[Date "2020.05.26"]
[Round "5"]
[White "Bashirli, Nail Qoshqar"]
[Black "Grigoryan, Aram"]
[Result "1-0"]
[WhiteElo "2382"]
[BlackElo "1996"]
[PlyCount "131"]
[EventDate "2020.05.26"]
[EventType "swiss"]
[EventRounds "8"]
[EventCountry "NET"]
[SourceTitle "CBM 196 Extra"]
[Source "ChessBase"]
[SourceDate "2020.07.31"]
[SourceVersion "1"]
[SourceVersionDate "2020.07.31"]
[SourceQuality "1"]

1. e4 e6 2. d4 d5 3. Nd2 Nc6 4. c3 e5 5. exd5 Qxd5 6. Ngf3 exd4 7. Bc4 Qf5 8. 0-0 dxc3 9. Re1+ Be7 10. Ne4 h6 11. Qb3 Na5 12. Qxc3 Nxc4 13. Qxc4 Nf6 14. Nxf6+ Qxf6 15. Qxc7 Be6 16. Bd2 Rc8 17. Qxb7 0-0 18. Bc3 Rxc3 19. bxc3 Bc5 20. Qc7 Bb6 21. Qe5 Qg6 22. Nd4 Bxd4 23. cxd4 Rd8 24. Qe3 Rd5 25. f3 Rg5 26. Re2 a5 27. Rc1 Kh7 28. Qe4 Bf5 29. Qh4 Qa6 30. Rd2 Qf6 31. Qf4 Qe7 32. d5 Qa3 33. Rcd1 Qc5+ 34. Qd4 Qd6 35. Qe3 Bg6 36. Rd4 Re5 37. Qf4 f5 38. h4 Bf7 39. Qg3 Be8 40. Kh2 Qf6 41. d6 Bd7 42. R1d2 a4 43. Rc4 a3 44. h5 f4 45. Qg6+ Qxg6 46. hxg6+ Kxg6 47. Rc7 Be6 48. d7 Bxd7 49. Rcxd7 Kh5 50. R7d5 Rxd5 51. Rxd5+ g5 52. Ra5 Kh4 53. Rxa3 h5 54. Ra4 g4 55. Rxf4 Kg5 56. g3 h4 57. Rxg4+ Kf5 58. gxh4 Kf6 59. h5 Kf5 60. h6 Ke6 61. h7 Kf5 62. h8Q Ke6 63. Rg5 Kf7 64. Qh6 Ke8 65. Rg7 Kf8 66. Qh8# 1-0

[Event "EU-ch U14"]
[Site "Bratislava"]
[Date "2019.08.10"]
[Round "9"]
[White "Grigoryan, Aram"]
[Black "Rozen, Eytan"]
[Result "1-0"]
[WhiteElo "1860"]
[BlackElo "2224"]
[PlyCount "93"]
[EventDate "2019.08.02"]
[EventType "swiss"]
[EventRounds "9"]
[EventCountry "SVK"]
[SourceTitle "EXT 2020"]
[Source "ChessBase"]
[SourceDate "2019.10.17"]
[SourceVersion "1"]
[SourceVersionDate "2019.10.17"]
[SourceQuality "1"]

1. d4 Nf6 2. c4 e6 3. Nc3 Bb4 4. e3 0-0 5. Nge2 Re8 6. a3 Bf8 7. d5 a5 8. g3 Na6 9. Bg2 Nc5 10. 0-0 exd5 11. cxd5 b6 12. Qc2 Ba6 13. Rd1 g6 14. Nd4 Bb7 15. e4 Bg7 16. b3 d6 17. Rb1 Qe7 18. f3 Qd7 19. Bf1 Ba6 20. Ncb5 a4 21. b4 Nb3 22. Nxb3 axb3 23. Qc6 Qxc6 24. dxc6 Bxb5 25. Bxb5 b2 26. Bxb2 g5 27. g4 h5 28. h3 hxg4 29. hxg4 Nxg4 30. fxg4 Rxe4 31. Rd3 Rxg4+ 32. Kf2 Rf4+ 33. Rf3 Rxf3+ 34. Kxf3 Bxb2 35. Rxb2 Rxa3+ 36. Kg4 f6 37. Kf5 Kf7 38. Bc4+ Kf8 39. Kxf6 g4 40. Rh2 Rf3+ 41. Ke6 g3 42. Rh4 b5 43. Bd5 g2 44. Rg4 Re3+ 45. Kd7 Rg3 46. Rxg3 g1Q 47. Rg8+ 1-0

[Event "EU-ch U14"]
[Site "Bratislava"]
[Date "2019.08.09"]
[Round "8"]
[White "Yaniv, Yuval"]
[Black "Grigoryan, Aram"]
[Result "1/2-1/2"]
[WhiteElo "2193"]
[BlackElo "1860"]
[PlyCount "193"]
[EventDate "2019.08.02"]
[EventType "swiss"]
[EventRounds "9"]
[EventCountry "SVK"]
[SourceTitle "EXT 2020"]
[Source "ChessBase"]
[SourceDate "2019.10.17"]
[SourceVersion "1"]
[SourceVersionDate "2019.10.17"]
[SourceQuality "1"]

1. d4 Nf6 2. Bg5 Ne4 3. Bf4 d5 4. e3 c5 5. Bd3 Nc6 6. Bxe4 dxe4 7. d5 Nb4 8. Nc3 e6 9. d6 Qa5 10. Qd2 Nd5 11. 0-0-0 b6 12. Nxd5 Qxd2+ 13. Rxd2 exd5 14. Rxd5 Be6 15. Rd2 Kd7 16. Ne2 Kc6 17. h3 Rd8 18. Rhd1 h6 19. Nc3 f5 20. a4 Rh7 21. Nd5 Bxd5 22. Rxd5 g5 23. Be5 Rhd7 24. R1d2 Bxd6 25. Bf6 Bf8 26. Rxd7 Rxd7 27. Rxd7 Kxd7 28. g4 Ke6 29. Bc3 Bd6 30. Kd2 fxg4 31. hxg4 Kf7 32. Ke2 Kg6 33. b3 h5 34. gxh5+ Kxh5 35. Bf6 Kg6 36. Bd8 Kf5 37. a5 bxa5 38. Bxa5 g4 39. Bd8 Ke5 40. Kf1 Kd5 41. c4+ Ke6 42. Kg2 Kf5 43. Bh4 a6 44. Kf1 Ke6 45. Ke2 Bc7 46. Kd2 Ba5+ 47. Kc2 Bb4 48. Kd1 Ba5 49. Bg3 Bc3 50. Ke2 Be5 51. Bh4 Bf6 52. Bg3 Be5 53. Bxe5 Kxe5 54. Kf1 Kf5 55. Kg2 Kg6 56. Kg3 Kg5 57. Kg2 Kh4 58. b4 cxb4 59. c5 b3 60. c6 b2 61. c7 b1Q 62. c8Q Qb5 63. Qd8+ Kh5 64. Qh8+ Kg5 65. Qg7+ Kf5 66. Qf7+ Kg5 67. Qf4+ Kh5 68. Kg3 Qg5 69. Qxe4 Qh4+ 70. Kg2 Qh3+ 71. Kg1 Qf3 72. Qe8+ Kg5 73. Qg8+ Kh5 74. Qh7+ Kg5 75. Qg7+ Kh5 76. Qe5+ Kh4 77. Qe7+ Kh5 78. Qe8+ Kg5 79. Qd8+ Kh5 80. Qa5+ Kh4 81. Qd8+ Kh5 82. Qa5+ Kh4 83. Qxa6 g3 84. Qh6+ Kg4 85. Qg7+ Kh4 86. Qd4+ Kh3 87. Qd7+ Kh4 88. Qe7+ Kh3 89. Qe6+ Kh4 90. fxg3+ Kxg3 91. Qe5+ Kg4 92. e4 Qd1+ 93. Kf2 Qd2+ 94. Kg1 Qe1+ 95. Kg2 Qe2+ 96. Kg1 Qe1+ 97. Kg2 1/2-1/2

[Event "Orsha op"]
[Site "Orsha"]
[Date "2019.01.19"]
[Round "3"]
[White "Grigoryan, Aram"]
[Black "Kirilin, Dmitrij"]
[Result "0-1"]
[WhiteElo "1786"]
[BlackElo "2074"]
[PlyCount "72"]
[EventDate "2019.01.18"]
[EventType "swiss"]
[EventRounds "9"]
[EventCountry "BLR"]
[SourceTitle "CBM 188 Extra"]
[Source "ChessBase"]
[SourceDate "2019.02.26"]
[SourceVersion "1"]
[SourceVersionDate "2019.02.26"]
[SourceQuality "1"]

1. d4 Nf6 2. c4 e6 3. Nc3 Bb4 4. e3 c5 5. Bd2 cxd4 6. exd4 d5 7. a3 Bxc3 8. Bxc3 dxc4 9. Bxc4 0-0 10. Nf3 b6 11. 0-0 Bb7 12. Qe2 Nd5 13. Bd2 Nd7 14. Bg5 N7f6 15. Rfe1 Rc8 16. Rad1 h6 17. Bc1 Ne4 18. Ne5 Nd6 19. Ba2 Nf5 20. f3 Rc7 21. Bb1 Qc8 22. Qf2 Qd8 23. Qf1 f6 24. Ng6 Re8 25. g4 Nd6 26. Nf4 Rxc1 27. Rxc1 Nxf4 28. Ba2 Qd7 29. Rcd1 Qc6 30. d5 Qc5+ 31. Kh1 Nxd5 32. b4 Qc2 33. Re2 Qc3 34. Red2 Qxa3 35. Bb1 Nf4 36. Rxd6 Bxf3+ 0-1

[Event "Moscow ACF Botvinnik Memorial"]
[Site "Moscow"]
[Date "2018.08.10"]
[Round "2.3"]
[White "Grigoryan, Aram"]
[Black "Kovalev, Vladislav"]
[Result "0-1"]
[WhiteElo "1805"]
[BlackElo "2667"]
[PlyCount "43"]
[EventDate "2018.08.10"]
[EventType "team-swiss"]
[EventRounds "7"]
[EventCountry "RUS"]
[SourceTitle "CBM 186 Extra"]
[Source "ChessBase"]
[SourceDate "2018.08.24"]
[SourceVersion "1"]
[SourceVersionDate "2018.08.24"]
[SourceQuality "1"]
[WhiteTeam "Armenia"]
[BlackTeam "Belarus"]
[WhiteTeamCountry "ARM"]
[BlackTeamCountry "BLR"]

1. d4 Nf6 2. c4 g6 3. Nc3 Bg7 4. e4 d6 5. Be2 0-0 6. Bg5 c5 7. d5 e6 8. Qd2 exd5 9. exd5 Re8 10. 0-0-0 a6 11. f3 b5 12. g4 Nbd7 13. h4 Qa5 14. h5 b4 15. Nb1 Qxa2 16. Nh3 Nb6 17. Qc2 Nxg4 18. fxg4 Rxe2 19. Qxe2 Bxg4 20. Qf2 Bf5 21. Kd2 Re8 22. Be3 0-1

[Event "Yerevan op 2nd"]
[Site "Yerevan"]
[Date "2017.09.24"]
[Round "6"]
[White "Nanyan, Georgy"]
[Black "Grigoryan, Aram"]
[Result "1-0"]
[WhiteElo "1610"]
[BlackElo "1673"]
[PlyCount "47"]
[EventDate "2017.09.19"]
[EventType "swiss"]
[EventRounds "9"]
[EventCountry "ARM"]
[SourceTitle "CBM 180 Extra"]
[Source "ChessBase"]
[SourceDate "2017.10.06"]
[SourceVersion "1"]
[SourceVersionDate "2017.10.06"]
[SourceQuality "1"]

1. Nf3 Nf6 2. c4 g6 3. g3 Bg7 4. Bg2 0-0 5. 0-0 d6 6. d4 Nbd7 7. Nc3 e5 8. e3 c6 9. b3 Nh5 10. Bb2 Qa5 11. Qc1 c5 12. Rb1 Qd8 13. Rd1 exd4 14. exd4 b6 15. Nb5 Qf6 16. Nd2 Rb8 17. Ne4 Qe7 18. Re1 Qd8 19. Nexd6 h6 20. Nxa7 Bxd4 21. Naxc8 Rxc8 22. Nxc8 Ne5 23. Rxe5 Bxe5 24. Na7 1-0

[Event "Yerevan op 2nd"]
[Site "Yerevan"]
[Date "2017.09.21"]
[Round "3"]
[White "Avetisyan, Mariam"]
[Black "Grigoryan, Aram"]
[Result "1-0"]
[WhiteElo "1976"]
[BlackElo "1673"]
[PlyCount "51"]
[EventDate "2017.09.19"]
[EventType "swiss"]
[EventRounds "9"]
[EventCountry "ARM"]
[SourceTitle "CBM 180 Extra"]
[Source "ChessBase"]
[SourceDate "2017.10.06"]
[SourceVersion "1"]
[SourceVersionDate "2017.10.06"]
[SourceQuality "1"]

1. d4 Nf6 2. c4 g6 3. Nc3 Bg7 4. Nf3 0-0 5. Bf4 d6 6. h3 Nc6 7. e3 Nd7 8. Be2 e5 9. Bh2 h6 10. Qd2 a6 11. 0-0 f5 12. a3 g5 13. dxe5 Ndxe5 14. Qd5+ Kh8 15. Nxe5 dxe5 16. Qxd8 Nxd8 17. Nd5 Ne6 18. Ne7 Kh7 19. g4 Nc5 20. gxf5 Rf7 21. Nxc8 Rxc8 22. Rad1 Rcf8 23. b4 Ne4 24. Bd3 Nc3 25. f6+ e4 26. fxg7 1-0

[Event "Yerevan op 2nd"]
[Site "Yerevan"]
[Date "2017.09.19"]
[Round "1"]
[White "Gevorgyan, Maria"]
[Black "Grigoryan, Aram"]
[Result "1-0"]
[WhiteElo "2294"]
[BlackElo "1673"]
[PlyCount "71"]
[EventDate "2017.09.19"]
[EventType "swiss"]
[EventRounds "9"]
[EventCountry "ARM"]
[SourceTitle "CBM 180 Extra"]
[Source "ChessBase"]
[SourceDate "2017.10.06"]
[SourceVersion "1"]
[SourceVersionDate "2017.10.06"]
[SourceQuality "1"]

1. e4 e6 2. d4 d5 3. Nc3 Bb4 4. e5 c5 5. a3 Bxc3+ 6. bxc3 Ne7 7. Nf3 Nbc6 8. a4 Qa5 9. Qd2 Bd7 10. Ba3 c4 11. Be2 0-0-0 12. 0-0 h6 13. Rfb1 f5 14. Rb5 Qa6 15. Qc1 Rde8 16. Nd2 Na5 17. Bb4 Nec6 18. Bh5 Rd8 19. Qa3 b6 20. Be2 Nxb4 21. cxb4 Nb7 22. Qc3 Kb8 23. Nb1 Bxb5 24. axb5 Qxb5 25. Qa3 a5 26. c3 Kc7 27. Bd1 Qc6 28. bxa5 Nxa5 29. Qb4 Qe8 30. Na3 Qc6 31. Ba4 Qb7 32. Nb5+ Kb8 33. Nd6 Qc7 34. Rb1 Nb7 35. Qxb6 Rd7 36. Bxd7 1-0